000 00511nam a2200193Ia 4500
005 20250326124842.0
008 250326s9999 xx 000 0 und d
037 _aTextbook
040 _aFMSL
_beng
_cFMSL
041 _aeng
_2eng
084 _aX:8D L9
_qFMSL
100 _aHorvitz P M
_9738111
245 0 _aMonetary policy and the ficial system
_cHorvitz P M
250 _a4
260 _aNj
_bNj, Prentice-Hall
_c1979
300 _a592p
942 _cTB
_hX:8D L9
999 _c1275508
_d1275508